La moral : (Record no. 9297)

000 -CABECERA
fixed length control field 00825nam a22002057a 4500
003 - IDENTIFICADOR DEL NÚMERO DE CONTROL
control field AR-CdUCM
008 - DATOS DE LONGITUD FIJA--INFORMACIÓN GENERAL
fixed length control field 190327b ||||| |||| 00| 0 spa d
040 ## - FUENTE DE LA CATALOGACIÓN
Agencia/entidad que catalogó originalmente la obra MUNICIPALIDAD PROVINCIAL DEL CUSCO
Entidad que transcribió la catalogación BIBLIOTECA MUNICIPAL DEL CUSCO
082 ## - NÚMERO DE LA CLASIFICACIÓN DECIMAL DEWEY
No. de Clasificación 170 /
Notacion interna H66 / 1907
100 ## - ENTRADA PRINCIPAL--NOMBRE DE PERSONA
Nombre Personal Hoffding, Harald
245 ## - MENCIÓN DE TÍTULO
Título La moral :
Resto del título ensayo sobre los principios teóricos y su aplicación a las circunstancias particulares de la vida /
260 ## - PUBLICACIÓN, DISTRIBUCIÓN, ETC.
Lugar de publicación, distribución, etc. Barcelona :
Nombre de la editorial, distribuidor, etc. Imprenta de Henrich y Comp.a en C.,
Fecha de publicación, distribución, etc. 1907.
300 ## - DESCRIPCIÓN FÍSICA
Nº de Páginas Extensión tomos ;
Dimensiones 17 cm.
505 ## - NOTA DE CONTENIDO CON FORMATO
Nota de contenido formateada Contenido: t.1. Principios de ética -- t.2. La moral individual, social y de familia -- t.3. La libre asociación de cultura
650 ## - PUNTO DE ACCESO ADICIONAL DE MATERIA--TÉRMINO DE MATERIA
Descriptor Ética
9 (RLIN) 1337
650 ## - PUNTO DE ACCESO ADICIONAL DE MATERIA--TÉRMINO DE MATERIA
Descriptor Moral cristiana
9 (RLIN) 25405
700 ## - PUNTO DE ACCESO ADICIONAL--NOMBRE DE PERSONA
Nombre Personal Umbert, Pedro (traductor)
9 (RLIN) 25406
942 ## - ELEMENTOS DE PUNTO DE ACCESO ADICIONAL (KOHA)
Fuente de clasificación
Tipo de item Libros-BMC
945 ## - PROCESAMIENTO DE INFORMACIÓN LOCAL (OCLC)
Catalogador zta
Holdings
Estado de retiro (separado) Fuente de clasificación o esquema de estanterías Estado dañado Ubicación Sala donde se ubica Nombre de la colección Fecha de adquisición o compra Costo, precio normal en soles Signatura topográfica Código de Barras Última vez visto (Koha) Tipo de ítem (Koha)
No     Sala Cusco Antiguo Sala Cusco Antiguo Book Cart 2019-03-27 30.00 170 / H66 / t.1 / 1907 SCA0000043 2019-03-27 Libros-BMC
No     Sala Cusco Antiguo Sala Cusco Antiguo Book Cart 2019-03-27 30.00 170 / H66 / t.2 / 1907 SCA0000044 2019-03-27 Libros-BMC
No     Sala Cusco Antiguo Sala Cusco Antiguo Book Cart 2019-03-27 30.00 170 / H66 / t.3 / 1907 SCA0000045 2019-03-27 Libros-BMC

Powered by Koha